Strategic information management (Record no. 38425)

MARC details
000 -LEADER
fixed length control field 00632 2200181 4500
008 - FIXED-LENGTH DATA ELEMENTS--GENERAL INFORMATION
fixed length control field 110607t xxu||||| |||| 00| 0 eng d
020 ## - INTERNATIONAL STANDARD BOOK NUMBER
International Standard Book Number 9780750656191
245 ## - TITLE STATEMENT
Title Strategic information management
250 ## - EDITION STATEMENT
Edition statement 3rd ed.
260 ## - PUBLICATION, DISTRIBUTION, ETC. (IMPRINT)
Name of publisher, distributor, etc Routledge
Date of publication, distribution, etc 2009
Place of publication, distribution, etc London
300 ## - PHYSICAL DESCRIPTION
Extent xiv,625 p.
Dimensions 24 cm.
650 ## - SUBJECT ADDED ENTRY--TOPICAL TERM
Topical term or geographic name as entry element Information technology
Relator term Management
650 ## - SUBJECT ADDED ENTRY--TOPICAL TERM
Topical term or geographic name as entry element Management information systems
650 ## - SUBJECT ADDED ENTRY--TOPICAL TERM
Topical term or geographic name as entry element Elctronic books
700 ## - ADDED ENTRY--PERSONAL NAME
Personal name Robert D.Galliers and Dorothy E.Leidner.
942 ## - ADDED ENTRY ELEMENTS (KOHA)
Item type Book
Source of classification or shelving scheme Library of Congress Classification
Holdings
Withdrawn status Lost status Source of classification or shelving scheme Damaged status Not for loan Collection code Home library Current library Shelving location Date acquired Source of acquisition Total Checkouts Total Renewals Full call number Barcode Date last borrowed Copy number Price effective from Koha item type
    Library of Congress Classification     Non-fiction Nakuru Campus Nakuru Campus General Circulation 07/06/2011 purchase 3 1 T58.64.S77 2003 026122 20/04/2020 1 07/06/2011 Book